Data structures and algorithmic thinking with python (Record no. 917)
[ view plain ]
| 000 -LEADER | |
|---|---|
| Fixed length control field | 00678nam a22001817a 4500 |
| 003 - CONTROL NUMBER IDENTIFIER | |
| Control field | SEACOMEC |
| 005 - DATE AND TIME OF LATEST TRANSACTION | |
| Control field | 20250412125527.0 |
| 008 - FIXED-LENGTH DATA ELEMENTS--GENERAL INFORMATION | |
| Fixed length control field | 240422b |||||||| |||| 00| 0 eng d |
| 020 ## - INTERNATIONAL STANDARD BOOK NUMBER / ISBN | |
| International Standard Book Number | 9788192107592 |
| Price | Rs.650.00 |
| 040 ## - CATALOGING SOURCE | |
| Original cataloging agency | SEACOMEC |
| 082 ## - DEWEY DECIMAL CLASSIFICATION NUMBER | |
| Classification number | 005.133 |
| Book Number | K18 |
| 100 ## - MAIN ENTRY--PERSONAL NAME | |
| Personal name | Karumanchi, Narasimha |
| 245 ## - TITLE STATEMENT | |
| Title | Data structures and algorithmic thinking with python |
| Sub title | data structure and algorithmic puzzles / |
| Statement of responsibility | Narasimha Karumanchi |
| 260 ## - IMPRINT | |
| Place of publication | Hyderabad : |
| Name of publisher | Careermonk Publications , |
| Date of publication | ©2015. |
| 300 ## - PHYSICAL DESCRIPTION | |
| Page / Vol. No | 469 p. : ill.; |
| Dimensions | 28 cm |
| 650 ## - SUBJECT ADDED ENTRY--TOPICAL TERM | |
| Topical term | Computer science |
| Form subdivision | Python (Computer program language) |
| General subdivision | Computer algorithms- Computer programming Data structures |
| 942 ## - ADDED ENTRY ELEMENTS (KOHA) | |
| Koha item type | Books |
| Withdrawn status | Lost status | Source of classification | Damaged status | Not for loan | Home library | Current library | Date acquired | Total Checkouts | Call number | Accession number | Date last seen | Price effective from | Koha item type |
|---|---|---|---|---|---|---|---|---|---|---|---|---|---|
| Dewey Decimal Classification | SEACOM ENGINEERING COLLEGE | SEACOM ENGINEERING COLLEGE | 22/04/2024 | 005.133 K18 | 21441 | 22/04/2024 | 22/04/2024 | Reference Books |
